000 00272nmm a2200097Ia 4500
008 220120s9999||||xx |||||||||||||||||und||
020 _a978-0-07-060092-8
100 _aEFY
245 0 _aDeepin 15.1, linuxlite 2.8, rockstar, clonezilla 2.4.5, free
260 _aEFY
_bNew Delhi
999 _c140000
_d140000